සිත්තම් හුරුව 3=நிறம் தீட்டுவோம் (Record no. 3460)

MARC details
000 -LEADER
fixed length control field 00817nam a22002417a 4500
003 - CONTROL NUMBER IDENTIFIER
control field LK-CoMWRAF
005 - DATE AND TIME OF LATEST TRANSACTION
control field 20240331104700.0
008 - FIXED-LENGTH DATA ELEMENTS--GENERAL INFORMATION
fixed length control field 230907b2003 |||||||| |||| 00| 0 eng d
020 ## - INTERNATIONAL STANDARD BOOK NUMBER
International Standard Book Number 9558464257
040 ## - CATALOGING SOURCE
Original cataloging agency LK-CoMWRAF
Modifying agency LK-CoMWRAF
Description conventions LK-CoMWRAF
041 ## - LANGUAGE CODE
Language code of text/sound track or separate title Sinhala; Sinhalese
041 ## - LANGUAGE CODE
Language code of text/sound track or separate title Tamil
082 ## - DEWEY DECIMAL CLASSIFICATION NUMBER
Classification number 372.52
Item number DIA
942 ## - ADDED ENTRY ELEMENTS (KOHA)
Koha item type Books
100 ## - MAIN ENTRY--PERSONAL NAME
Personal name ඩයස්, සිඩ්නි මාකස්
Personal name (Transliterated) Dias, Sydney Marcus
700 ## - ADDED ENTRY--PERSONAL NAME
Personal name De Silva, Anil Susan
245 ## - TITLE STATEMENT
Title සිත්තම් හුරුව 3=நிறம் தீட்டுவோம்
246 ## - VARYING FORM OF TITLE
Title proper/short title Siththam huruwa 3=Niṟam tīṭṭuvōm
260 ## - PUBLICATION, DISTRIBUTION, ETC. (IMPRINT)
Place of publication, distribution, etc. ආණමඩුව :
Name of publisher, distributor, etc. තෝතැන්න ප්‍ර‍කාශන,
Date of publication, distribution, etc. 2003
300 ## - PHYSICAL DESCRIPTION
Extent [10 p.]
650 ## - SUBJECT ADDED ENTRY--TOPICAL TERM
Topical term or geographic name as entry element ප්‍රාථමික අධ්‍යාපනය
650 ## - SUBJECT ADDED ENTRY--TOPICAL TERM
Topical term or geographic name as entry element Art
Holdings
Withdrawn status Lost status Damaged status Not for loan Permanent Location Current Location Date acquired Full call number Barcode Koha item type
        Resource center, Muslim Women's Research And Action Forum Resource center, Muslim Women's Research And Action Forum 2023-09-07 372.52 DIA RAF907 Books
        Resource center, Muslim Women's Research And Action Forum Resource center, Muslim Women's Research And Action Forum 2023-11-15 372.52 DIA RAF2778 Books
        Resource center, Muslim Women's Research And Action Forum Resource center, Muslim Women's Research And Action Forum 2023-11-15 372.52 DIA RAF2779 Books

Copyright © 2023 Muslim Women's Research and Action Forum (MWRAF), No 27/3, Anderson Road, Kalubowila, Dehiwela. Funded by The Asia Fundation